Geografia per Lettere - C - Statistics

Statistiche generali
  • Questo quiz è stato fatto 202 volte
  • Il punteggio medio è 13 su 20
Statistiche sulle risposte
Categoria Risposta % Corretto
Stato Europeo Città del Vaticano - Croazia
94%
Stato Asiatico Cambogia - Cina - Cipro - Corea del Nord - Corea del Sud
93%
Stato di 4 Lettere Ciad - Cile - Cina - Cuba
93%
Stato Africano Camerun - Capo Verde - Ciad - Comore - Costa d'Avorio
90%
Stato Sud Americano Cile - Colombia
90%
Stato Nord Americano Canada - Costa Rica - Cuba
89%
Stato USA California - Carolina del Nord - Carolina del Sud - Colorado - Connecticut
87%
Capitale Europea Chișinău - Città del Vaticano - Città di San Marino - Copenaghen
85%
Mare (tolto il prefisso "mare/mar") Caspio - Cinese Meridionale - Cinese Orientale - Caraibico - Corallino
81%
Stato Composto da più Parole Capo Verde - Corea del Nord - Corea del Sud - Costa d'Avorio - Costa Rica
73%
Capitale Oceaniana Canberra
72%
Isola* Cuba - Ceylon - Ceram - Cipro - Corsica - Chiloé - Creta - Chichagof Island
72%
Capitale Sud Americana Caracas
64%
Capitale Nord Americana Castries - Città del Guatemala - Città del Messico
58%
Città che ha Ospitato un'Olimpiade Città del Messico - Chamonix-Mont-Blanc - Cortina d'Ampezzo - Calgary
33%
Fiume* Caquetá - Colorado - Columbia - Congo
30%
Capitale Africana Conakry
24%
Capitale di uno Stato USA Carson City - Charleston - Cheyenne - Columbia - Columbus - Concord
18%
Contea Inglese Cumbria - Cheshire - Cambridgeshire - Cornovaglia
17%
Montagna* Cho Oyu - Chomo Lonzo - Chogolisa - Churen Himal - Chamlang - Chongtar
4%
Nessun quiz corrispondente trovato
Distribuzione punteggi
Percentuale di utenti per punteggio
Percentile per numero di risposta
I tuoi punteggi nel tempo
Non hai fatto questo quiz